|
|
|
|
| LEADER |
00955nam a22002537a 4500 |
| 001 |
AAL2785 |
| 003 |
BD-DhAAL |
| 005 |
20160421102818.0 |
| 008 |
160421s 1997bg ||||| b||| 001 0 eng d |
| 020 |
|
|
|a 9845840000
|
| 040 |
|
|
|a BD-DhAAL
|c BD-DhAAL
|
| 082 |
|
|
|a 658.55492
|
| 100 |
|
|
|a Rahman, Khondader Mizanur
|9 19156
|
| 245 |
|
|
|a Japanese style management for Bangladesh public sector :
|b the case of jute industry /
|c Khondader Mizanur Rahman
|
| 260 |
|
|
|a Dhaka :
|b North South University,
|c 1997
|
| 300 |
|
|
|a 240 p. ;
|c 21 cm.
|
| 504 |
|
|
|6 Includes bibliography and index
|
| 541 |
|
|
|e 2785
|
| 650 |
|
|
|a Industrial management
|z Japan
|9 19157
|
| 650 |
|
|
|a Government ownership
|z Bangladesh
|9 19158
|
| 852 |
|
|
|a Savar Campus Library
|c General Shelf
|
| 942 |
|
|
|2 ddc
|c BK
|
| 999 |
|
|
|c 37451
|d 37451
|
| 952 |
|
|
|0 0
|1 0
|2 ddc
|4 0
|6 658_554920000000000_RAH
|7 0
|9 58808
|a SCL
|b SCL
|c GEN
|d 2016-04-21
|g 400.00
|l 0
|o 658.55492 RAH
|p 3020002785
|r 2016-04-21
|t 1
|w 2016-04-21
|y BK
|